000 00333cam a2200133ua 4500
003 OSt
008 221110b |||||||| |||| 00| 0 eng d
041 _aeng
082 _a338.9
_bPLA/TO
245 _aTowards aself reiant economy /
260 _aIndia :
_bMinistry of I&B, Govt. of India ,
_c1962.
300 _a320 ; .
942 _cBK
999 _c12468
_d12468